| 000 | 00707nam a2200217 4500 | ||
|---|---|---|---|
| 001 | 109250 | ||
| 003 | ES-MaACL | ||
| 005 | 20230906184816.0 | ||
| 007 | t| | ||
| 008 | 061121s1967 mx r ||||1| spa d | ||
| 100 | 1 |
_aMüller-Armack, Alfred. _984042 |
|
| 245 | 1 | 0 |
_aGenealogía de los estilos económicos / _cAlfred Mueller-Armack; traducción de Vicente Quintero. |
| 250 | _a1ª. ed. | ||
| 260 |
_aMéxico : _bFondo de Cultura Económica, _c1967. |
||
| 300 |
_a338 p. ; _c18 cm. |
||
| 490 | 1 | _aBreviarios del Fondo de Cultura Económica | |
| 700 | 1 |
_aQuintero, Vicente. _994721 |
|
| 830 | 0 |
_aBreviarios del Fondo de Cultura Económica _9179682 |
|
| 852 |
_aES-MaACL _jE-8719 |
||
| 999 |
_c109250 _d109250 |
||